000 00752nas a2200265 4500
001 BR2013006717
003 BR-BrBNA
005 20231205122848.0
007 ta
008 230509b bl.|||p| |||| 00| 00por d
040 _aBR-BrBNA
_bpor
_cBiblioteca Nacional de Agricultura
041 _a(Pt)
072 _aK50
100 1 _aKratz, D.
100 1 _aWendling, I.
245 1 _aProdução de mudas de Eucalyptus dunnii em substratos renováveis
650 _aEUCALIPTO
650 _aCASCA
650 _aMUDA
650 _aPRODUÇÃO
650 _aMÉTODO ESTATÍSTICO
773 0 _tFloresta (Brazil)
_xISSN 0015-3826
_g(Jan-Mar 2013), v. 43(1) p. 125-136
_wBR2013006717
909 _a202311
_bLúcia
_c55
_dLúcia Elande
942 _2AGRIS
_n0
_cANA
999 _c230970
_d230970